Placements de la Hongrie aux Championnats d'Europe - Statistiques

Statistiques générales
  • Ce quiz a été pris 11 fois
  • Le résultat moyen est 3 sur 5
Statistiques - réponses
Hint Réponse % Correct
2020 Phase de groupes
88%
2024 Phase de groupes
88%
2016 Huitièmes de finale
50%
1972 Quatrième place
38%
1964 Troisième place
38%
Aucun quiz correspondant
Distribution des résultats
% des personnes avec chaque résultat
Percentile par nombre de réponses
Votre historique - résultats
Vous n’avez pas pris ce quiz